| 000 | 00841cam a2200265 a 4500 | ||
|---|---|---|---|
| 001 | 17268754 | ||
| 003 | OSt | ||
| 005 | 20160524114622.0 | ||
| 008 | 120424s2012 nyuab b 001 0 eng | ||
| 010 | _a 2012008882 | ||
| 020 | _a9781620813737 (hardcover) | ||
| 040 | _aSEKU | ||
| 042 | _apcc | ||
| 050 | 0 | 0 |
_aRC 569 _b.F76 2012 |
| 245 | 0 | 0 |
_aFrontiers in suicide risk : _bresearch, treatment, and prevention / _cJill E. Lavigne, editor. |
| 260 |
_aNew York : _bNova Science Publishers, _cc2012. |
||
| 300 |
_axi, 301 p. : _bill., col. maps ; _c26 cm. |
||
| 500 | _aPublic health in the 21st century. | ||
| 504 | _aIncludes bibliographical references and index. | ||
| 650 | 0 |
_aSuicidal behavior _xDiagnosis. |
|
| 650 | 0 |
_aSuicide _xRisk factors. |
|
| 650 | 0 |
_aSuicide _xPrevention. |
|
| 700 | 1 | _aLavigne, Jill E. | |
| 942 |
_2lcc _cGEN |
||
| 999 |
_c14517 _d14517 |
||